| 000 | 01250nam a2200337 i 4500 | ||
|---|---|---|---|
| 003 | CO-BoRNBP | ||
| 005 | 20250218142428.0 | ||
| 007 | ta | ||
| 008 | 250218s2023 ck a|||| |||| 00| 0 spa d | ||
| 020 | _a9789583068027 | ||
| 040 |
_aCO-BoRNBP _bspa _cCO-BoRNBP _erda |
||
| 043 | _as-ck--- | ||
| 084 | _aP ALE3 | ||
| 100 | 1 |
_aAlekos _d1953- _eautor _923374 |
|
| 245 | 1 | 3 |
_aLa pulga y el barco/ _cAlekos; ilustraciones, Claudia Navarro |
| 250 | _aEdición especial | ||
| 264 | 1 |
_aBogotá, Colombia: _bPanamericana Editorial, _c2023 |
|
| 300 |
_a59 páginas, _bilustraciones a color, _c21 cm |
||
| 336 |
_2rdacontent _atexto _btxt |
||
| 337 |
_2rdamedia _asin mediación _bn |
||
| 338 |
_2rdacarrier _avolumen _bnc |
||
| 490 |
_aPlan Nacional de Lectura, Escritura y Oralidad _pMinisterio de Cultura |
||
| 521 | _aRecomendado para un público infantil a partir de los 6 años | ||
| 650 | 1 | 7 |
_2ARMARC _aPoesía infantil colombiana _vSiglo XX _958520 |
| 650 | 1 | 7 |
_2ARMARC _aLiteratura infantil colombiana _vSiglo XX _958521 |
| 650 | 1 | 7 |
_2ARMARC _aJuego de palabras _938333 |
| 650 | 1 | 7 |
_2ARMARC _aMiedo en la literatura _92179 |
| 650 | 1 | 7 |
_2ARMARC _aLibros ilustrados para niños _92001 |
| 700 | 1 |
_aNavarro, Claudia _eilustradora _958522 |
|
| 942 |
_2ddc _cBKINF |
||
| 999 |
_c56922 _d56922 |
||